Quizzes
Events
Quiz Creation
Community
Videos
Private Events
Remove Ads
Sign In
Join for FREE
Feedback
Dark Mode
Quiz Categories
Sports
Geography
Music
Movies
Television
Just For Fun
Miscellaneous
History
Literature
Language
Science
Gaming
Entertainment
Religion
Holiday
For Kids
Quiz Lab
Recent
Popular Today
Quiz Kudos Today
Editor Picks
Curator Picks
Quizzes by...
Day
Popularity
Type
Ratings
Length
Year
Community
Subscriptions
Recent Discussions
Orange Saloon
Badges
Playlists
Quests
Create
Leaderboards
Showdown
Live 5
Trivia Bingo
Activity
Puzzle Library
Sporcle Events
Private Events
Virtual Trivia
Globe League
Become a Host
Pub Owners
SporcleCon
Opinionation
Our Games
Videos
Blog
Mobile Apps
Partnerships
Remove Ads and Go Orange
Feedback
Television
TV Characters
TV Show
Sitcom
Network
Friends
Reality Shows
Cast
South Park
Star Trek
The Simpsons
Doctor Who
Television
TV Characters
TV Show
Sitcom
Network
Friends
Reality Shows
Cast
South Park
Star Trek
The Simpsons
Doctor Who
Random Quiz
Search Sporcle
×
Quiz Lab
Quiz Lab
Television
TV Show
Type in answers that appear in a list
Type in answers that appear in a list
Classic
Best Score? Go Orange.
I'm a Celebrity...Get Me Out of Here (Germany) Stats
Can you name the Participants of 'Ich bin ein Star - Holt mich hier raus!'?
By
benderboy
20m
156 Questions
120 Plays
120 Plays
120 Plays
Comments
Comments
Give Quiz Kudos
Give Quiz Kudos
-
- Ratings
hide this ad
Replay
Link that replays current quiz
Next Quiz
Link to next quiz in quiz playlist
You Got
0%
They Got
Avg Score
34%
Avg Friend Score
Upgrade to see
Score Distribution
Jump to the score distribution portion of the page
Score
0/156
Timer
20:00
0
Plays Today
Known for
Name
% Correct
Singer of 'Anita', died in 2019
Costa Cordalis
91.7%
Brazil Football (soccer) player
Ailton
80%
Contestant 'DSDS', missing since 2018
Daniel Küblböck
78.3%
Actress/
Authoress
Desiree Nick
73.3%
Drag queen
Olivia Jones
70.8%
Singer
Michael Wendler
70.6%
Ex-
wife of Dieter Bohlen
Nadja Abd el Farrag
70%
Former soccer player
Thorsten Legat
69.2%
Ex-
porn actress
Michaela Schaffrath
68.3%
Singer/
DSDS
Joey Heindle
68.3%
Model/
Contestant in 'Der Bachelor'
Melanie Müller
67.9%
Actress/
Queen of the Jungle season 6
Brigitte Nielsen
67.3%
Model
Sarah Knappik
66.7%
Actress/
Model
Brigitte Nielsen
66.7%
British singer
Ross Antony
65.8%
Former German national goalkeeper
Eike Immel
64.2%
Mother of Daniela Katzenberger
Iris Klein
62.5%
Ex-
porn actress
Dolly Buster
61.7%
Winner of 'DSDS'
Prince Damien
61.5%
Model/
DJane
Micaela Schäfer
60.8%
Singer
Jay Khan
59.2%
Blackmailer of 'Karstadt'
Arno Funke
58.3%
Reality TV personality
Jenny Frankhauser
57.7%
Contestant 'The Bachelor'
Evelyn Burdecki
57.7%
Actor/
TV presenter
Peer Kusmagk
57.5%
Singer
Indira Weis
57.5%
Actress
Ingrid van Bergen
56.7%
Model
Larissa Marolt
56%
Hip-
Hop-
DJ
DJ Tomekk
55.8%
Model/
DJane
Giulia Siegel
55.8%
Actor
Helmut Berger
55.8%
Contestant 'DSDS'
Menderes Bagci
55.8%
Soccer World Cup Winner
Thomas Häßler
55.8%
Contestant 'DSDS'
Daniele Negroni
55.8%
Reality TV personality
Danni Büchner
55.8%
TV presenter
Walter Freiwald
55.3%
Singer/
DSDS
Kim Debkowski
55%
TV presenter/
Ex-
wife of 'Mörtel'
Christina Lugner
54.2%
Singer
Marc Terenzi
53.8%
Reality TV personality
Jens Büchner
53.8%
TV presenter 'Blitz'
Caroline Beil
53.3%
Daughter of a singer
Patricia Blanco
53.2%
Male model
Nico Schwanz
52.5%
Boxing World Champion
Sven Ottke
51.9%
Dutch TV presenter
Harry Wijnvoord
51.7%
Daughter of famous parents
Allegra Curtis
50.8%
Contestant in 'Der Bachelor'
Georgina Bülowius
50.8%
Swiss Singer
Patrick Nuo
50.8%
Actress
Maren Gilzer
50%
Contestant 'Love Island'
Elena Miras
50%
Model
Fiona Erdmann
49.2%
Model
Sara Kulka
48.9%
Known for
Name
% Correct
Singer
Klaus Baumgart
48.3%
Contestant 'Big Brother'
Jürgen Milski
48.1%
Contestant 'Big Brother'
Kader Loth
48.1%
Former wife of a popular actor
Natascha Ochsenknecht
48.1%
Swimmer
Thomas Rupprath
46.7%
Magician
Vincent Raven
46.7%
Scripted Reality Actress
Helena Fürst
46.2%
Male model
Alexander Keen
46.2%
Contestant 'Germany's Next Topmodel'
Gina-Lisa Lohfink
46.2%
Former Minister of Transport
Günther Krause
46.2%
Actor 'Ritas Welt'
Dustin Semmelrogge
45.8%
Actor
Rocco Stark
45.8%
Female Kabarett artist
Lisa Fitz
45%
Party singer/
Actor 'Lindenstraße'
Willi Herren
45%
Entertainer/
Contestant at DSDS
Lorielle London
45%
Actress/
Comedienne
Tanja Schumann
45%
Contestant 'Germany's Next Topmodel'
Nathalie Volk
44.2%
Former professional soccer player
Ansgar Brinkmann
44.2%
Swedish dancer
Isabel Edvardsson
44.2%
Actor/
TV presenter
Peter Bond
44.2%
Actor (RIP)
Günther Kaufmann
43.3%
Wedding planner
Frank Matthee
43.3%
Singer/
DSDS
Lisa Bund
42.5%
Voice of ALF
Tommi Piper
42.3%
Actor
Raul Richter
42.3%
Ex-
wife of Michael Wendler
Claudia Norberg
42.3%
Former German national football player
Jimmy Hartwig
41.7%
Casting director
Rolf Scheider
41.5%
Newscaster 'Tagesschau'
Susan Stahnke
40.8%
High Jumper, two time Olympic athlete
Carlo Thränhardt
40.8%
Singer
Bata Illic
40.8%
Contestant 'DSDS'
Sarah Joelle Jahnel
40.4%
Reality TV personality
Bastian Yotta
40.4%
TV presenter
Jochen Bendel
40.4%
Actor
Winfried Glatzeder
40.4%
Singer of 'Polonäse Blankenese'
Werner Böhm
39.2%
Singer
Gunter Gabriel
38.5%
Singer
Tina York
38.5%
Reality TV personality
Matthias Mangiapane
38.5%
Transgender model
Giuliana Farfalla
38.5%
Former bobsledder
Sandra Kiriasis
38.5%
Reality TV personality
Chris Töpperwien
38.5%
Contestant 'DSDS'
Toni Trips
38.5%
Actor
Mathieu Carriere
38.3%
Actor
Jörn Schlönvoigt
38.3%
DSDS
Tanja Tischewitsch
37.2%
Actress
Katy Karrenbauer
36.7%
Erotic model
Sophia Wollersheim
36.5%
Actor
Rolf Zacher
36.5%
Contestant 'Germany's Next Topmodel'
Giselle Oppermann
36.5%
Contestant 'The Bachelorette'
Domenico de Cicco
36.5%
Actress
Sonja Kirchberger
36.5%
Known for
Name
% Correct
Contestant in 'Die Bachelorette'
Aurelio Savina
36.2%
Author
Rainer Langhans
35.8%
Designer
Julian F.M. Stoeckel
35.8%
Contestant in 'Der Bachelor'
Angelina Heger
35.1%
TV presenter
Mola Adebisi
34.9%
TV presenter
Ricky Harris
34.6%
Male model
Florian Wess
34.6%
Winner of 'The Bachelorette'
David Friedrich
34.6%
Reality TV personality
Tatjana Gsell
34.6%
Singer
Peter Orloff
34.6%
Second-
hand dealer
Markus Reinecke
34.6%
Marriage with Graf von Faber-
Castell
Mariella Ahrens
34.2%
Actress
Claudelle Deckert
34.2%
Actress
Jenny Elvers
32.7%
Contestant 'Big Brother'
Hanka Rackwitz
32.7%
Actress
Markus Majowski
32.7%
Singer
Fräulein Menke
32.7%
Singer
Sydney Youngblood
32.7%
Actor
Felix van Deventer
32.7%
TV astrologist
Antonia Langsdorf
32.5%
Actor/
TV presenter
Carsten Spengemann
32.5%
Figure skater
Norbert Schramm
32.5%
Singer/
DSDS
Daniel Lopes
32.5%
Singer
Martin Kesici
32.5%
Singer
Marco Angelini
31.2%
Actress
Sandra Steffl
30.8%
Podcast host
Leila Lowfire
30.8%
Playmate
Anastasiya Avilova
30.8%
Singer
Gabriella Rinne
30.3%
Singer/
Actress
Isabell Varell
30%
Actress
Julia Biedermann
30%
Model
Corinna Drews
29.4%
TV presenter
Björn-Hergen Schimpf
29.2%
Scripted Reality Actor
David Ortega
28.8%
Contestant 'The Bachelor'
Kattia Vides
28.8%
(Porn) Actress
Sibylle Rauch
28.8%
Singer
Eva Jacob
28.3%
Singer
Benjamin Boyce
27.7%
Fashion designer
Barbara Engel
27.5%
Actress
Doreen Dietel
26.9%
Actress
Rebecca Simoneit-Barum
26.6%
Model
Heydi Nunez Gomez
25%
Actress
Nicole Mieth
25%
TV presenter
Ramona Leiß
24.2%
Model/
TV presenter
Gundis Zambo
23.3%
Contestant 'The Bachelorette'
Marco Cerullo
23.1%
Actor
Michael Meziani
22.5%
Model
Gitta Saxx
22.5%
Singer
Jazzy
22.5%
French singer
Fabrice Morvan
21.7%
Singer
Silva Gonzalez
21.7%
Actress
Radost Bokel
18.3%
Quiz Playlist
Details
Report
Send in Message
Add To Playlist
Classic:
Type in answers that appear in a list
Quiz Source
Last Updated: Jan 19, 2020
Quiz Scoreboard
CHALLENGE
Sign Up to Join the Scoreboard
Show All
Scores
Hide
Comments
May contain spoilers
Recently Published
Pick 6: Fruits
by JohnFran
Miscellaneous
15s
Click the 1999 NBA Draft
by nibperrychub
Sports
2m
Alphabetical 'K' Countries by Flag Minefield
by ylime102
Geography
3m
More to Explore
Quiz From the Vault
Featured Blog Post
15 Basketball Trivia Facts You Can Be March Mad About
hide this ad
You Might Also Like...
Tags
Show Quiz
TV Show Quiz
camp
jungle
Today's Top Quizzes in Television
Browse Television
hide this ad
Today's Top Quizzes in TV Show
Browse TV Show
Top Contributed Quizzes in Television
1
Hidden Simpsons Character
2
First Name TV: Leading Men
3
Hidden Simpsons Character XXIV
4
First Name TV: Leading Women Drama
5
Hidden Simpsons Character XXV
6
Pick A Pair: Religious TV
7
Hidden Simpsons Character XXVI
8
One Piece Logic Puzzle
9
Demon Slayer Impossible Quiz
10
Hidden Simpsons Character II
Explore More
Trending Topics
NBA
Disney
Marvel
Crossword
Anime
Harry Potter
Kpop
Soccer
WWE
Song
NFL
The Office
Pokémon
Puzzle
Country
hide this ad
More By:
benderboy
Quiz
Plays
Rating
Category
Featured
Created
Coached 50+ Champions' League Games
81,605
4.55
Sports
Feb 15, 2013
Bundesliga winning teams, managers etc.
10,111
4.71
Sports
Jan 6, 2014
FC Bayern München 1-11 since 2000
3,968
4.75
Sports
Jan 23, 2013
Germany Opponents since 2000
1,392
4.63
Sports
Feb 18, 2013
Germany World Cup Finals' Squads
1,113
4.67
Sports
Jul 13, 2014
Go to Creator's Profile
Score Distribution
Quiz Creator Spotlight
benderboy
Follow
Send a Message
Quizzes Created
-
Created Quiz Play Count
-
More By This Creator
Popular Quizzes Today
1
Find the US States - No Outlines Minefield
2
Countries of Asia Without Outlines Minefield
3
Pick 6: Fruits
4
Alphabetical 'K' Countries by Flag Minefield
5
The Countries of the World
6
Find the US States
7
Match the Book to the Film X
8
US States
More Television Quizzes
Barney Stinson's Playbook in Action
Editor's Pick
Trending Quizzes
Pick 6: Mountains
Pick 6: Harry Potter
Pick 6: NFL Teams
Pick 6: Movie Franchises
Pick 6: Golfers
Recently Updated
NWSL Teams
pecheneg
Women's Final Four Teams by Year
bhenderson79
Presidents Quartet II
eogle
Anything But Clue(do)
eogle
Anything But Oceanian Capitals
eogle
Anything But 7
eogle
Anything But Thing
eogle
Word Ladder: February 29
pecheneg
Song Title Questions
pecheneg
Women's NCAA Tournament #1 Seeds
pecheneg
Trending Topics
NBA
Crossword
Anime
Disney
Marvel
Harry Potter
Kpop
WWE
NFL
The Office
Song
Soccer
Pokémon
Country
Puzzle
Your Account Isn't Verified!
In order to create a playlist on Sporcle, you need to verify the email address you used during registration. Go to your
Sporcle Settings
to finish the process.
Report this User
Report this user for behavior that violates our
Community Guidelines
.
Details:
Send Report
Go to the Sporcle.com Mobile Site →
Comments